000 00338nam a22001337a 4500
020 _a978-1-4398-4124-2
041 _aENG
100 _aMoore .J.E
245 _aField Hydrologt A Guide For Site Investigations And Report Preparation
260 _aNew York
_bCrc Press
_c2012
300 _a190
650 _aSWCE
856 _uSWCE ( 43 )
999 _c1941
_d1941